Pohled do Japonska ; Sprac. J. Kolář

Bibliographic Details
Other Authors: Kolář, J. (apd)
Format: Article
Language:Slovak
ISSN:0014-8172
Subjects:

MARC

LEADER 00000nab a2200000 a 4500
001 vtls000590209
003 SK-MaSNL
005 20260304084657.0
008 250425c1996 xo 0 slo
015 |a SNBRB19rr/mm-uuuuu 
035 |a CL0590348 
035 |a urn:nbn:sk:snk-ab1pq8 
035 |a (urnnbn)urn:nbn:sk:snk:ar-004wdf 
035 |a (uuid)be17d8d7-8875-483c-9d5a-5d16cb483c74 
040 |a SNKBUCL  |b slo  |c SNKBUCL  |e AACR2 
041 0 |a slo 
044 |a xo  |c SK 
080 |a 615.1(520)  |2 1981 
245 0 0 |a Pohled do Japonska ; Sprac. J. Kolář 
500 |a Zo zahraničnej tlače 
650 0 7 |a farmácia praktická  |2 snkbucl  |9 975951 
651 7 |a Japonsko  |2 snkbucl  |9 16392 
655 7 |a články z novín a časopisov  |2 snkbucl  |9 267496 
700 1 |a Kolář, J.  |4 apd  |9 950669 
773 0 |t Farmaceutický obzor  |g Roč. 65, č. 5 (1996), s. 124  |x 0014-8172 
850 |a Slovenská národná knižnica 
852 |a Slovenská národná knižnica 
954 |a odborná, vedecká literatúra pôvodná (slovenská)  |2 lita 
958 |a article27 
958 |a OND 
958 |a RK 
958 |a MI 
958 |a NX 
958 |a EUIPO 
992 |a RBX 
999 |c 2804677  |d 2806607